000 004750000a22001810004500
003 macl
005 20160121115606.0
008 160121b xxu||||| |||| 00| 0 eng d
040 _aMACL
_cmacl
041 _aEnglish
082 _a378/NAL
100 _aMalhotra, A.M.
_933833
245 _aS.S.C. Combined Preliminary Graduate Level Exam
260 _bBright Careers Institute
_c2002
_aNew Delhi
350 _a175
650 _aEducation
_933835
942 _cBK
_k378/Mal
_2ddc
999 _c31645
_d31645